First Aid Q&A for the USMLE Step 1 / (Record no. 287)

000 -LEADER
fixed length control field 01538nam a22004937a 4500
001 - CONTROL NUMBER
control field 761378595
003 - CONTROL NUMBER IDENTIFIER
control field OCoLC
005 - DATE AND TIME OF LATEST TRANSACTION
control field 20210419071435.0
008 - FIXED-LENGTH DATA ELEMENTS--GENERAL INFORMATION
fixed length control field 111110s2012 ctua 001 0 eng d
015 ## - NATIONAL BIBLIOGRAPHY NUMBER
National bibliography number GBB1D1014
Source bnb
016 7# - NATIONAL BIBLIOGRAPHIC AGENCY CONTROL NUMBER
Record control number 015968953
Source Uk
020 ## - INTERNATIONAL STANDARD BOOK NUMBER
International Standard Book Number 9780071744027 (pbk.)
020 ## - INTERNATIONAL STANDARD BOOK NUMBER
International Standard Book Number 0071744029 (pbk.)
035 ## - SYSTEM CONTROL NUMBER
System control number (OCoLC)761378595
040 ## - CATALOGING SOURCE
Original cataloging agency UKMGB
Transcribing agency UKMGB
Modifying agency BDX
041 ## - LANGUAGE CODE
Language code of text/sound track or separate title eng
049 ## - LOCAL HOLDINGS (OCLC)
Holding library YYEA
080 ## - UNIVERSAL DECIMAL CLASSIFICATION NUMBER
Universal Decimal Classification number 61
Item number F-56
096 ## - LOCALLY ASSIGNED NLM-TYPE CALL NUMBER (OCLC)
Classification number W 18.2 F5278 2012
100 1# - MAIN ENTRY--PERSONAL NAME
Personal name Le, Tao.
Relator term Editor
245 10 - TITLE STATEMENT
Title First Aid Q&A for the USMLE Step 1 /
Statement of responsibility, etc. Tao Le, James Feinstein.
250 ## - EDITION STATEMENT
Edition statement 3rd ed.
260 ## - PUBLICATION, DISTRIBUTION, ETC.
Place of publication, distribution, etc. Stamford, Conn. :
Name of publisher, distributor, etc. Appleton & Lange ;
Place of publication, distribution, etc. London :
Name of publisher, distributor, etc. McGraw-Hill [distributor],
Date of publication, distribution, etc. 2012.
300 ## - PHYSICAL DESCRIPTION
Extent xiii, 765 p. :
Other physical details ill. ;
Dimensions 28 cm.
490 1# - SERIES STATEMENT
Series statement First aid USMLE.
500 ## - GENERAL NOTE
General note Previous ed.: published as by Tao Le. 2009.
504 ## - BIBLIOGRAPHY, ETC. NOTE
Bibliography, etc. note Includes index.
590 ## - LOCAL NOTE (RLIN)
Local note c.1 10060820 Ritt 3/6/12 $45.00.
650 #2 - SUBJECT ADDED ENTRY--TOPICAL TERM
Topical term or geographic name entry element Clinical Medicine
Form subdivision Examination Questions.
650 #0 - SUBJECT ADDED ENTRY--TOPICAL TERM
Topical term or geographic name entry element Medicine
9 (RLIN) 69
650 #0 - SUBJECT ADDED ENTRY--TOPICAL TERM
Topical term or geographic name entry element USMLE STEP 1
9 (RLIN) 72
650 #2 - SUBJECT ADDED ENTRY--TOPICAL TERM
Topical term or geographic name entry element Test Taking Skills.
653 ## - INDEX TERM--UNCONTROLLED
Uncontrolled term მედიცინა
653 ## - INDEX TERM--UNCONTROLLED
Uncontrolled term კლინიკური მედიცინა
700 ## - ADDED ENTRY--PERSONAL NAME
9 (RLIN) 162
Personal name Ball, W. Mark
700 ## - ADDED ENTRY--PERSONAL NAME
9 (RLIN) 163
Personal name Dude, Annie
700 ## - ADDED ENTRY--PERSONAL NAME
9 (RLIN) 170
Personal name Feinstein, A. James
700 ## - ADDED ENTRY--PERSONAL NAME
9 (RLIN) 164
Personal name Hoffman, L. Rebecca
700 ## - ADDED ENTRY--PERSONAL NAME
9 (RLIN) 165
Personal name Jensen, Mark. Robert
700 ## - ADDED ENTRY--PERSONAL NAME
9 (RLIN) 148
Personal name Kallianos, Kimberly
700 ## - ADDED ENTRY--PERSONAL NAME
9 (RLIN) 166
Personal name Padilla, Cesar Raudel
700 ## - ADDED ENTRY--PERSONAL NAME
9 (RLIN) 167
Personal name Rothkopf, Lauren
942 ## - ADDED ENTRY ELEMENTS (KOHA)
Source of classification or shelving scheme
Koha item type Books
Holdings
Withdrawn status Lost status Source of classification or shelving scheme Damaged status Not for loan Permanent location Current location Date acquired Inventory number Total Checkouts Full call number Barcode Date last seen Date last checked out Price effective from Koha item type
          Ken Walker International University Ken Walker International University 11/20/2020 922 7 61 F-56 922 03/16/2026 03/16/2026 11/20/2020 Books

Powered by Koha